000 00627nam a2200217 i 4500
001 128329
003 ES-MaACL
005 20230906193233.0
007 t|
008 070629s1970 sp ||||1| spa d
080 _a28"19"
080 _a261.8
100 1 _aRoger
_cfrére.
_998934
245 1 3 _aLa violencia de los pacíficos /
_cRoger Schutz ; [versión de Mª Luisa Medrano].
260 _aBarcelona :
_bHerder,
_c1970.
300 _a178 p. ;
_c18 cm.
650 _aCristianismo-
_xHistoria-
_yS.XX.
_9160094
650 1 4 _aEcumenismo.
_912045
700 1 _aMedrano, L.
_979772
852 _aES-MaACL
_jC-47102
_bR.73435
999 _c128329
_d128329